| 000 | 00499nam a2200193Ia 4500 | ||
|---|---|---|---|
| 001 | 17350 | ||
| 003 | GE_BSU | ||
| 008 | 181216s||||||||xx |||||||||||||| ||und|| | ||
| 020 | _a3190116407 | ||
| 040 | _cGE_BSU | ||
| 080 | _a811.112 | ||
| 100 | _aWillkop, Eva -Maria | ||
| 245 | _aAuf neuen wegen deutsch als fremdsprache für die mittelstufe | ||
| 260 | _aMunchen | ||
| 260 | _c2003 | ||
| 541 | _h10 Gel. | ||
| 653 | _aAuf neuen wegen deutsch als fremdsprache für die mittelstufe | ||
| 942 | _cBK | ||
| 999 |
_c50406 _d50406 |
||